[Event "?"]
[Site "?"]
[Date "2018.11.17"]
[Round "3.1"]
[White "Homi, Joseph"]
[Black "Bruss, Robert"]
[Result "1-0"]
[WhiteElo "1948"]
[BlackElo "1688"]
[PlyCount "93"]
[EventDate "2018.??.??"]
[WhiteTeam "SGem Fürth"]
[BlackTeam "SC Hersbruck"]

1. e4 e6 2. c4 c5 3. Nf3 Nc6 4. d4 d6 5. Nc3 Be7 6. Be3 b6 7. Qd2 Bb7 8. d5 Nb4
9. a3 Na6 10. dxe6 fxe6 11. Rd1 Nf6 12. Ng5 Nc7 13. f3 e5 14. Bd3 h6 15. Nh3
Ne6 16. Nd5 Nd4 17. O-O O-O 18. f4 Ng4 19. Bxd4 cxd4 20. Nf2 Bxd5 21. Nxg4 Be6
22. f5 Bg5 23. Qe2 Bf7 24. g3 Bh5 25. Nxh6+ Bxh6 26. Qxh5 Rf6 27. h4 Be3+ 28.
Kg2 Qe8 29. Qxe8+ Rxe8 30. g4 Rh6 31. Rh1 Kf7 32. g5 Rhh8 33. Kf3 Ke7 34. Kg4
Reg8 35. h5 Rh7 36. Rdf1 Rf8 37. Bc2 Rhh8 38. Ba4 Rf7 39. Bc6 Rff8 40. Bd5 Rh7
41. Rh3 Bd2 42. h6 gxh6 43. f6+ Ke8 44. g6 h5+ 45. Rxh5 Rxh5 46. Kxh5 Rh8+ 47.
Kg4 1-0

[Event "?"]
[Site "?"]
[Date "2018.11.17"]
[Round "3.2"]
[White "Deysenroth, Patrick"]
[Black "Ulusoy, Tolga"]
[Result "0-1"]
[WhiteElo "1610"]
[BlackElo "2023"]
[PlyCount "98"]
[EventDate "2018.??.??"]
[WhiteTeam "SC Noris-Tarrasch"]
[BlackTeam "SC Noris-Tarrasch"]

1. d4 Nf6 2. Bf4 c5 3. e3 Qb6 4. Na3 Qxb2 5. Nb5 Na6 6. Rb1 Qxa2 7. Ra1 Qb2 8.
Rxa6 bxa6 9. Nc7+ Kd8 10. Nxa8 Nd5 11. Nf3 Nc3 12. Bc7+ Ke8 13. Ba5 d6 14. Bxc3
Qxc3+ 15. Qd2 Qxd2+ 16. Kxd2 Kd7 17. dxc5 Bb7 18. cxd6 exd6 19. Bc4 Be7 20. Rb1
Bxa8 21. Bxa6 Bd8 22. Bb7 Ba5+ 23. Kd3 Bb6 24. Bxa8 Rxa8 25. Nd4 Rc8 26. c4 Rc5
27. Rb5 g6 28. e4 Rc7 29. e5 Rc5 30. f4 dxe5 31. fxe5 Rc7 32. Rd5+ Ke7 33. Nb5
Rc5 34. Nd4 Rc8 35. Nb3 Ke6 36. Nd4+ Ke7 37. Nb3 Bg1 38. h3 Rb8 39. Rb5 Rb6 40.
Ke4 a6 41. Rxb6 Bxb6 42. c5 Bc7 43. Kd5 a5 44. Nd4 a4 45. Nb5 Ba5 46. Kc4 Ke6
47. c6 Kxe5 48. c7 Bxc7 49. Nxc7 Kf4 0-1

[Event "?"]
[Site "?"]
[Date "2018.11.17"]
[Round "3.3"]
[White "Klinger, Klaus"]
[Black "Seidel, Michael"]
[Result "0-1"]
[WhiteElo "1696"]
[BlackElo "1997"]
[PlyCount "104"]
[EventDate "2018.??.??"]
[WhiteTeam "Zabo-Eintracht Nürnberg"]
[BlackTeam "SC Schwarzenbach"]

1. d4 d6 2. Bf4 Nf6 3. e3 g6 4. h3 Bg7 5. Nf3 O-O 6. a4 Nbd7 7. Na3 c5 8. c3 a6
9. Nc2 b6 10. Be2 Bb7 11. c4 cxd4 12. exd4 e5 13. Bh2 Qe7 14. d5 a5 15. O-O Nc5
16. b4 axb4 17. Nxb4 Qd7 18. Ra3 Rxa4 19. Rxa4 Nxa4 20. Qc2 Nc5 21. Rb1 Ra8 22.
Bd1 Qc7 23. Ng5 h6 24. Nf3 Bc8 25. Nh4 Bd7 26. Nxg6 Ba4 27. Qf5 fxg6 28. Qxg6
Bxd1 29. Rxd1 Ra4 30. Qb1 Nfe4 31. Rc1 Rxb4 32. Qxb4 Nd3 33. Qb1 Nxc1 34. Qxe4
Nb3 35. Bg3 Nd4 36. Bh4 Qxc4 37. Kh2 Qc2 38. Qg4 Qf5 39. Qd1 b5 40. Qa1 e4 41.
Qa8+ Qf8 42. Qa3 Nf5 43. Bg3 Nxg3 44. fxg3 Bd4 45. Qc1 Bc5 46. Qd1 Qf5 47. Qe2
b4 48. g4 Qf4+ 49. g3 Qf2+ 50. Qxf2 Bxf2 51. Kg2 e3 52. Kf3 b3 0-1

[Event "?"]
[Site "?"]
[Date "2018.11.17"]
[Round "3.4"]
[White "Albayrak, Nese Pinar"]
[Black "Kocak, Ediz"]
[Result "1-0"]
[WhiteElo "1494"]
[BlackElo "1817"]
[PlyCount "79"]
[EventDate "2018.??.??"]
[WhiteTeam "Zabo-Eintr. Nürnberg"]
[BlackTeam "SG 1882 Fürth"]

1. e4 b6 2. d4 Bb7 3. Nc3 e6 4. a3 c5 5. Nf3 cxd4 6. Nxd4 d6 7. Bb5+ Nd7 8. O-O
Ngf6 9. Re1 a6 10. Bxd7+ Nxd7 11. f4 Qc7 12. f5 e5 13. Nf3 Rc8 14. Be3 Nf6 15.
Bf2 Be7 16. Qd3 O-O 17. Rac1 b5 18. Nd5 Bxd5 19. exd5 e4 20. Qe3 Qb7 21. Nd2
Qxd5 22. Nxe4 Qxf5 23. Ng3 Qe5 24. Qa7 Qxb2 25. Qxe7 Qxa3 26. Ne4 Nxe4 27. Qxe4
a5 28. Ra1 Qc3 29. Bd4 Qd2 30. Re2 Qb4 31. c3 Qc4 32. Rxa5 Qc7 33. Rxb5 Ra8 34.
Re1 Ra2 35. Qe7 Rxg2+ 36. Kxg2 Qc6+ 37. Re4 Qxb5 38. Rg4 Qd5+ 39. Kg1 g6 40.
Qf6 1-0

[Event "?"]
[Site "?"]
[Date "2018.11.17"]
[Round "3.5"]
[White "Lingl, Peter"]
[Black "Adelhardt, Lisa"]
[Result "0-1"]
[WhiteElo "1563"]
[BlackElo "1289"]
[PlyCount "66"]
[EventDate "2018.??.??"]
[WhiteTeam "SC JÄKLECHEMIE"]
[BlackTeam "Schachtreff Röttenbach"]

1. e4 {[%emt 0:00:00]} e5 {[%emt 0:00:00]} 2. Bc4 Nc6 3. d3 Nf6 4. f4 d5 5.
fxe5 Nxe5 6. exd5 Be7 7. Nf3 Bg4 8. Bf4 Bxf3 9. gxf3 Bd6 10. Bxe5 Bxe5 11. Qe2
Qe7 12. Bb5+ Nd7 13. c3 O-O-O 14. d4 Bf6 15. Qxe7 Bxe7 16. Nd2 Nb6 17. O-O-O
Rxd5 18. Bd3 Bg5 19. Kc2 g6 20. Nb3 Bh4 21. Bc4 Rd6 22. Bd3 Re8 23. c4 Rf6 24.
Nc5 Rxf3 25. Be4 Rf2+ 26. Kb3 c6 27. d5 cxd5 28. cxd5 Nd7 29. Nxd7 Kxd7 30. Rd4
Bf6 31. Rc4 Rxb2+ 32. Ka3 Rd2 33. Rhc1 Bb2+ 0-1

[Event "?"]
[Site "?"]
[Date "2018.11.17"]
[Round "3.6"]
[White "Zimmermann, René"]
[Black "Slavik, Fabian"]
[Result "1-0"]
[WhiteElo "2198"]
[BlackElo "1488"]
[PlyCount "63"]
[EventDate "2018.??.??"]
[WhiteTeam "SG Grün-Weiß Dresden"]
[BlackTeam "SC Stein 1998"]

1. d4 Nf6 2. Nf3 e6 3. c3 c5 4. e3 d5 5. Bd3 Nc6 6. O-O Be7 7. b3 a6 8. Bb2 b6
9. Nbd2 Bb7 10. Qe2 Qd7 11. Rad1 cxd4 12. exd4 Bd6 13. Ne5 Qc7 14. f4 Nd7 15.
Ndf3 Bxe5 16. fxe5 h6 17. Ba3 Ne7 18. Rc1 Qd8 19. h3 Nf8 20. Nh2 Nfg6 21. Qg4
O-O 22. h4 Nf5 23. Bxf5 exf5 24. Qxf5 Nxh4 25. Qh5 Ng6 26. Bxf8 Qxf8 27. e6 Qd6
28. exf7+ Kf8 29. Rce1 Bc6 30. Ng4 Nf4 31. Qf5 Ng6 32. Re6 1-0

[Event "?"]
[Site "?"]
[Date "2018.11.17"]
[Round "3.7"]
[White "Dreiseitel, Werner"]
[Black "Adelhütte, Dennis"]
[Result "0-1"]
[WhiteElo "1563"]
[BlackElo "1993"]
[PlyCount "64"]
[EventDate "2018.??.??"]
[WhiteTeam "SG 1882 Fürth"]
[BlackTeam "SC JÄKLECHEMIE"]

1. d4 d5 2. Bf4 Nf6 3. Nf3 c5 4. c3 Nc6 5. Nbd2 Qb6 6. Qb3 c4 7. Qxb6 axb6 8.
e3 Nh5 9. Bc7 b5 10. Be2 Nf6 11. O-O h6 12. Ne5 Bf5 13. Rfe1 e6 14. a3 Be7 15.
Bd1 b4 16. Nxc6 bxc6 17. a4 Kd7 18. Be5 b3 19. f3 Ra7 20. Bxf6 Bxf6 21. e4 Bg6
22. f4 Rha8 23. Bf3 Rxa4 24. Rab1 Ra2 25. g4 Be7 26. f5 Bh7 27. exd5 cxd5 28.
Nxc4 dxc4 29. Bxa8 Rxa8 30. fxe6+ fxe6 31. Ra1 Ra2 32. Rxa2 bxa2 0-1

[Event "?"]
[Site "?"]
[Date "2018.11.17"]
[Round "3.8"]
[White "Kraus, Sebastian"]
[Black "Großner, Josef"]
[Result "1-0"]
[WhiteElo "1819"]
[BlackElo "1781"]
[PlyCount "75"]
[EventDate "2018.??.??"]
[WhiteTeam "SC JÄKLECHEMIE"]
[BlackTeam "SF Fürth"]

1. e4 e5 2. Nf3 d6 3. d4 exd4 4. Qxd4 Nc6 5. Bb5 Bd7 6. Bxc6 Bxc6 7. Bg5 Qd7 8.
O-O f6 9. Bd2 Ne7 10. Nc3 Ng6 11. Nd5 Be7 12. h3 b6 13. a4 O-O 14. Rfe1 Kh8 15.
b3 a5 16. Rad1 Rae8 17. Bc1 Bd8 18. Bb2 Rf7 19. Qc3 h6 20. Nd4 Bxd5 21. exd5
Rfe7 22. Rxe7 Qxe7 23. Qg3 Qf7 24. c4 Kg8 25. Ne6 Nf8 26. Nf4 g6 27. Kh2 Kh7
28. Qd3 Nd7 29. Ne6 Nf8 30. Nxd8 Rxd8 31. Re1 Kg7 32. Qe3 Nd7 33. f4 Rh8 34. g4
Rf8 35. h4 Kg8 36. f5 Ne5 37. Bxe5 fxe5 38. Qxh6 1-0

[Event "?"]
[Site "?"]
[Date "2018.11.17"]
[Round "3.9"]
[White "Corral, Carlos"]
[Black "Mankus, Siegfried"]
[Result "1-0"]
[WhiteElo "2015"]
[BlackElo "1550"]
[PlyCount "95"]
[EventDate "2018.??.??"]
[WhiteTeam "SC Noris-Tarrasch"]
[BlackTeam "Zabo-Eintr. Nürnberg"]

1. e4 e6 2. d4 d5 3. Nc3 Bb4 4. a3 Bxc3+ 5. bxc3 dxe4 6. f3 Nf6 7. fxe4 e5 8.
Bg5 h6 9. Bxf6 Qxf6 10. Qf3 Qxf3 11. Nxf3 exd4 12. cxd4 O-O 13. Bc4 Re8 14. O-O
Kh8 15. Bxf7 Rxe4 16. Bg6 Re7 17. Ng5 Nd7 18. Rae1 Rxe1 19. Rxe1 Nf6 20. Nf7+
Kg8 21. Re7 Bd7 22. Ne5 Rd8 23. c3 Kf8 24. Rf7+ Kg8 25. h3 c6 26. Bc2 Bc8 27.
Bb3 Kh7 28. Kf1 Nd5 29. Bxd5 cxd5 30. Ke2 Kg8 31. Kd2 a6 32. Rc7 b5 33. Nc6 Rf8
34. Rxc8 Rxc8 35. Ne7+ Kf7 36. Nxc8 Ke6 37. a4 Kd7 38. Nb6+ Kc6 39. a5 g5 40.
Ke3 Kd6 41. Kf3 h5 42. h4 gxh4 43. Kf4 h3 44. gxh3 Kc6 45. h4 b4 46. cxb4 Kb5
47. Nxd5 Kc4 48. Ke5 1-0

[Event "?"]
[Site "?"]
[Date "2018.11.17"]
[Round "3.10"]
[White "Cipra, Lothar"]
[Black "Albayrak, Atilla"]
[Result "1-0"]
[WhiteElo "1921"]
[BlackElo "1437"]
[PlyCount "91"]
[EventDate "2018.??.??"]
[WhiteTeam "SK Schwanstetten"]
[BlackTeam "Zabo-Eintr. Nürnberg"]

1. d4 Nf6 2. c4 e6 3. Nf3 c5 4. e3 b6 5. Nc3 Bb7 6. Bd3 Nc6 7. O-O Nb4 8. Bb1
Be7 9. a3 Na6 10. d5 exd5 11. cxd5 d6 12. e4 O-O 13. Re1 Nd7 14. Bf4 Re8 15. e5
dxe5 16. Nxe5 Nf6 17. Ba2 Bd6 18. Qf3 Nc7 19. Rad1 b5 20. g4 c4 21. Bg3 a6 22.
g5 Bxe5 23. Bxe5 Nfxd5 24. Qf5 Bc8 25. Bxc7 Rxe1+ 26. Rxe1 Bxf5 27. Bxd8 Rxd8
28. Nxd5 h6 29. Ne7+ Kf8 30. Nxf5 hxg5 31. Ne3 Rd2 32. Bxc4 bxc4 33. Nxc4 Rc2
34. Re4 f5 35. Rd4 Kf7 36. Kg2 Ke6 37. h3 g6 38. b4 Kf7 39. a4 Ke6 40. b5 axb5
41. axb5 Rc3 42. b6 Rb3 43. Rd6+ Kf7 44. Rc6 f4 45. b7 Ke7 46. Rb6 1-0

[Event "?"]
[Site "?"]
[Date "2018.11.17"]
[Round "3.11"]
[White "Balhar, Michael"]
[Black "Brinkmann, Jörg"]
[Result "1-0"]
[WhiteElo "1815"]
[BlackElo "1172"]
[PlyCount "65"]
[EventDate "2018.??.??"]
[WhiteTeam "SC Erlangen"]
[BlackTeam "SC JÄKLECHEMIE"]

1. e4 e6 2. b3 d5 3. Bb2 c5 4. exd5 exd5 5. d4 b6 6. Nf3 Nf6 7. Bb5+ Bd7 8.
Qe2+ Be7 9. dxc5 O-O 10. Bxd7 Qxd7 11. cxb6 axb6 12. O-O Nc6 13. Ne5 Nxe5 14.
Bxe5 Qf5 15. Bd4 Bc5 16. Bxc5 bxc5 17. Nc3 Rfe8 18. Qd2 d4 19. Nb5 Qd7 20. a4
Nd5 21. Rfe1 Re6 22. Rxe6 fxe6 23. Re1 Qe7 24. Qe2 Re8 25. Qe5 Qd7 26. Nd6 Re7
27. Ne4 Qc7 28. Qxc7 Rxc7 29. Ng5 h6 30. Nxe6 Re7 31. Kf1 Nb4 32. Nxc5 Rxe1+
33. Kxe1 1-0

[Event "?"]
[Site "?"]
[Date "2018.11.17"]
[Round "3.12"]
[White "Haschemi, Said Habieb"]
[Black "Killmann, Reinmar"]
[Result "0-1"]
[WhiteElo "1584"]
[BlackElo "1674"]
[PlyCount "94"]
[EventDate "2018.??.??"]
[WhiteTeam "SG 1882 Fürth"]
[BlackTeam "SC JÄKLECHEMIE"]

1. b3 e5 2. Bb2 Nc6 3. e3 d6 4. Nf3 Nf6 5. d4 exd4 6. Nxd4 Bd7 7. Be2 Be7 8. c4
O-O 9. O-O Rb8 10. Nd2 d5 11. N2f3 dxc4 12. Bxc4 Nxd4 13. Nxd4 a6 14. Qc2 c5
15. Nf5 Bxf5 16. Qxf5 Qd7 17. Qg5 b5 18. Be2 Qd2 19. Be5 Qxe2 20. Bxb8 Rxb8 21.
Rfe1 Qg4 22. Qe5 Re8 23. Red1 Qe6 24. Qxe6 fxe6 25. Kf1 Kf7 26. Ke2 Rd8 27.
Rxd8 Bxd8 28. Rc1 Bb6 29. b4 c4 30. a4 Nd5 31. a5 Bc7 32. g3 Nxb4 33. Rd1 Ke7
34. Kd2 Nd3 35. f4 Bxa5+ 36. Kc2 Bb4 37. h4 Bc5 38. e4 a5 39. f5 b4 40. fxe6
Bd4 41. Rf1 b3+ 42. Kb1 Bf2 43. h5 a4 44. h6 g6 45. g4 a3 46. Ka1 a2 47. e5
Bd4# 0-1

[Event "?"]
[Site "?"]
[Date "2018.11.17"]
[Round "3.13"]
[White "Ott, Hans"]
[Black "Diebel, Günter"]
[Result "0-1"]
[WhiteElo "1566"]
[BlackElo "1854"]
[PlyCount "35"]
[EventDate "2018.??.??"]
[WhiteTeam "Zabo-Eintr. Nürnberg"]
[BlackTeam "SW Nürnberg Süd"]

1. e4 c6 2. d4 d5 3. Nc3 g6 4. Be3 Bg7 5. Qd2 Nf6 6. f3 dxe4 7. Nxe4 Nxe4 8.
fxe4 O-O 9. O-O-O a6 10. Bh6 b5 11. Bxg7 Kxg7 12. d5 Bg4 13. Nf3 Bxf3 14. gxf3
Qb6 15. Qc3+ Kg8 16. d6 b4 17. Qc4 exd6 18. Rxd6 0-1

[Event "?"]
[Site "?"]
[Date "2018.11.17"]
[Round "3.14"]
[White "Süß, Helmut"]
[Black "Harder, Dennis"]
[Result "1-0"]
[WhiteElo "1871"]
[BlackElo "1168"]
[PlyCount "59"]
[EventDate "2018.??.??"]
[WhiteTeam "SC Noris-Tarrasch"]
[BlackTeam "SC Stein 1998"]

1. d4 d5 2. Bf4 Nf6 3. e3 e6 4. Nf3 Nbd7 5. c4 Bb4+ 6. Nc3 O-O 7. a3 Bxc3+ 8.
bxc3 c6 9. Qc2 h6 10. Bd3 dxc4 11. Bxc4 b5 12. Bd3 Qb6 13. O-O Bb7 14. Rfb1 a6
15. a4 Rfe8 16. a5 Qd8 17. Bd6 Qc8 18. c4 c5 19. cxb5 Bxf3 20. gxf3 cxd4 21.
Qxc8 Rexc8 22. b6 Rc3 23. b7 Re8 24. Bxa6 dxe3 25. fxe3 Rxe3 26. Kf2 Nd5 27.
Bb5 Rd8 28. Bxd7 Rxd7 29. b8=Q+ Kh7 30. Rb7 1-0

[Event "?"]
[Site "?"]
[Date "2018.11.17"]
[Round "3.15"]
[White "Franz, Alexander"]
[Black "Floegel, Marco"]
[Result "0-1"]
[WhiteElo "1626"]
[BlackElo "1638"]
[PlyCount "46"]
[EventDate "2018.??.??"]
[WhiteTeam "SC JÄKLECHEMIE"]
[BlackTeam "SK Herzogenaurach"]

1. e4 e6 2. d4 d5 3. e5 c5 4. f4 cxd4 5. Nf3 f6 6. Nxd4 fxe5 7. Qh5+ g6 8. Qxe5
Qf6 9. Qc7 Nd7 10. Nb5 Bc5 11. Nd6+ Bxd6 12. Qxd6 Ne7 13. g4 Qh4+ 14. Kd2 Qf2+
15. Kc3 Qf3+ 16. Bd3 Qxh1 17. Na3 d4+ 18. Qxd4 Nd5+ 19. Kb3 O-O 20. f5 e5 21.
Qc4 N7b6 22. Qc5 Bd7 23. Qd6 Ba4# 0-1

[Event "?"]
[Site "?"]
[Date "2018.11.17"]
[Round "3.16"]
[White "Behlert, Stefan"]
[Black "Albayrak, Melissa"]
[Result "1-0"]
[WhiteElo "2049"]
[BlackElo "1164"]
[PlyCount "55"]
[EventDate "2018.??.??"]
[WhiteTeam "Zabo-Eintr. Nürnberg"]
[BlackTeam "Zabo-Eintr. Nürnberg"]

1. e4 e5 2. Nf3 Nc6 3. Bc4 Nf6 4. d3 d5 5. exd5 Nxd5 6. O-O Nf6 7. Nbd2 Bd6 8.
h3 O-O 9. Ne4 Nxe4 10. dxe4 a6 11. c3 Re8 12. Ng5 Rf8 13. Qh5 h6 14. Nxf7 Qf6
15. Nxh6+ Kh7 16. Nf7+ Qh6 17. Bxh6 Rxf7 18. Bg5+ Kg8 19. Bxf7+ Kf8 20. Bg6 Be6
21. Qh8+ Bg8 22. f4 exf4 23. Bxf4 Bxf4 24. Rxf4+ Ke7 25. Qxg7+ Kd6 26. b4 b6
27. Rd1+ Ke6 28. Bf5# 1-0

[Event "?"]
[Site "?"]
[Date "2018.11.17"]
[Round "3.17"]
[White "Albayrak, Berrak"]
[Black "Denninger, David"]
[Result "1/2-1/2"]
[WhiteElo "1512"]
[BlackElo "1858"]
[PlyCount "62"]
[EventDate "2018.??.??"]
[WhiteTeam "Zabo-Eintr. Nürnberg"]
[BlackTeam "SC JÄKLECHEMIE"]

1. e4 c5 2. Nf3 d6 3. d4 cxd4 4. Nxd4 Nf6 5. Nc3 g6 6. Be2 Bg7 7. Be3 a6 8. f3
Nc6 9. Nb3 b5 10. Bd3 Bb7 11. Qd2 h5 12. h3 Rc8 13. Ne2 Nd7 14. Ned4 Nce5 15.
c3 Nxd3+ 16. Qxd3 Nc5 17. Qd2 Nd7 18. Rc1 Ne5 19. O-O Nc4 20. Qe2 Nxe3 21. Qxe3
Bh6 22. f4 Qb6 23. Rce1 e5 24. Nc2 Qxe3+ 25. Rxe3 Bxf4 26. Re2 O-O 27. Na5 Rc7
28. Nb4 Ba8 29. Rd1 Rd8 30. Kf2 Bg5 31. a3 Kg7 1/2-1/2

[Event "?"]
[Site "?"]
[Date "2018.11.17"]
[Round "3.18"]
[White "Gündel, Kay"]
[Black "Weißmann, Peter"]
[Result "0-1"]
[WhiteElo "1170"]
[BlackElo "1756"]
[PlyCount "45"]
[EventDate "2018.??.??"]
[WhiteTeam "SC Stein 1998"]
[BlackTeam "SG 1882 Fürth"]

1. e4 c5 2. Nf3 Nc6 3. Nc3 g6 4. Bb5 Bg7 5. Bxc6 dxc6 6. d3 e5 7. Be3 b6 8. h3
Ne7 9. Bg5 f6 10. Bh4 g5 11. Bg3 h5 12. Nd2 Be6 13. Qe2 b5 14. b3 Qd4 15. Ndb1
b4 16. O-O bxc3 17. Qe1 h4 18. Bh2 g4 19. Nxc3 gxh3 20. Ne2 Qd6 21. g3 Bh6 22.
Kh1 Ng6 23. Ng1 {Rest nicht nachvollziehbar} 0-1

[Event "?"]
[Site "?"]
[Date "2018.11.17"]
[Round "3.20"]
[White "Schlötterer, Hermann"]
[Black "Kiesendahl, Roland"]
[Result "1/2-1/2"]
[WhiteElo "1788"]
[BlackElo "1816"]
[PlyCount "141"]
[EventDate "2018.??.??"]
[WhiteTeam "Zabo-Eintr. Nürnberg"]
[BlackTeam "SC Erlangen"]

1. d4 d5 2. g3 Nf6 3. Bg2 Bf5 4. Nf3 h6 5. c4 c6 6. Nc3 e6 7. O-O Be7 8. Nd2
O-O 9. e4 dxe4 10. Ndxe4 Nbd7 11. Qb3 Nb6 12. Nc5 Qxd4 13. Nxb7 Qxc4 14. Na5
Qxb3 15. axb3 Nbd5 16. Nxc6 Bc5 17. Na4 Bd6 18. Nc3 Nxc3 19. bxc3 Be4 20. Be3
Bxg2 21. Kxg2 a6 22. Rfd1 Nd5 23. Kf3 Rfc8 24. Nb4 Bxb4 25. cxb4 Nxb4 26. Ra4
Nd5 27. Bd4 Nc3 28. Bxc3 Rxc3+ 29. Kg2 Rxb3 30. Rda1 Rb6 31. Ra5 f6 32. R1a2
Kf7 33. Rc5 Ra7 34. Rca5 e5 35. h4 g6 36. R2a3 h5 37. Kf3 Ke6 38. Ke3 Rd6 39.
Rc5 f5 40. Raa5 e4 41. Ra3 Rad7 42. Kf4 Kf6 43. Rcc3 Rb7 44. Ke3 Rb1 45. Ra2
Re1+ 46. Kf4 Red1 47. Rca3 R1d3 48. f3 Rxf3+ 49. Rxf3 exf3 50. Kxf3 g5 51. Ra5
Rd3+ 52. Kf2 Rd6 53. Kf3 Re6 54. Kf2 Kg6 55. Kf3 Rf6 56. Rc5 Re6 57. Ra5 g4+
58. Kf2 Rf6 59. Ke3 Re6+ 60. Kf2 Kf6 61. Rc5 Re5 62. Rc6+ Re6 63. Rc5 Rb6 64.
Ra5 Rb2+ 65. Ke3 Rb3+ 66. Kf2 Rb6 67. Ke3 Rc6 68. Kf4 Rc4+ 69. Ke3 Re4+ 70. Kf2
Re6 71. Rc5 1/2-1/2

[Event "?"]
[Site "?"]
[Date "2018.11.17"]
[Round "3.21"]
[White "Albayrak, Aylin"]
[Black "Walisch, Wilfried"]
[Result "1/2-1/2"]
[WhiteElo "1686"]
[BlackElo "1078"]
[PlyCount "76"]
[EventDate "2018.??.??"]
[WhiteTeam "Zabo-Eintr. Nürnberg"]
[BlackTeam "SW Nürnberg Süd"]

1. d4 d6 2. c4 Nf6 3. Nc3 e5 4. d5 Be7 5. e4 c6 6. Nf3 O-O 7. Bd3 cxd5 8. cxd5
Nbd7 9. h3 Nc5 10. Bc2 a5 11. O-O Bd7 12. Be3 Rc8 13. Nd2 b5 14. a3 Qc7 15. Qe2
Rb8 16. Rac1 b4 17. axb4 axb4 18. Na4 Bb5 19. Qd1 Bxf1 20. Qxf1 Nxa4 21. Bxa4
Qa5 22. b3 Rfc8 23. Bc6 Bd8 24. Kh1 Qc7 25. Ra1 Qe7 26. Ba7 h6 27. Bxb8 Rxb8
28. Qc4 Nd7 29. Ra4 Nb6 30. Qxb4 Qc7 31. Ra6 Nxd5 32. Qa3 Nb4 33. Ra8 Nxc6 34.
Rxb8 Qxb8 35. Nc4 Be7 36. Qa4 Na5 37. Nxa5 Qc8 38. b4 Qc1+ 1/2-1/2

[Event "?"]
[Site "?"]
[Date "2018.11.17"]
[Round "3.22"]
[White "Hamazaspyan, Seryozka"]
[Black "Meyer, Robert"]
[Result "0-1"]
[WhiteElo "1601"]
[BlackElo "1738"]
[PlyCount "60"]
[EventDate "2018.??.??"]
[WhiteTeam "SC JÄKLECHEMIE"]
[BlackTeam "SC Stein 1998"]

1. e4 e6 2. d4 d5 3. exd5 exd5 4. c4 Bb4+ 5. Nc3 Qe7+ 6. Be2 dxc4 7. Nf3 Nf6 8.
O-O O-O 9. Bxc4 c5 10. Be3 Bg4 11. a3 Bxc3 12. bxc3 cxd4 13. Bxd4 Nc6 14. Re1
Bxf3 15. Qxf3 Qd6 16. Bxf6 Qxf6 17. Qxf6 gxf6 18. Re3 Rfe8 19. Rg3+ Kf8 20. Bd3
h6 21. Bb5 Rac8 22. Kf1 Re5 23. Rb1 b6 24. a4 Rc5 25. Rc1 Ne5 26. Rc2 Rd8 27.
Ke2 Ng6 28. Bd3 Nf4+ 29. Ke3 Nxd3 30. Rd2 Re5+ 0-1

[Event "?"]
[Site "?"]
[Date "2018.11.17"]
[Round "3.24"]
[White "Heigwer, Florian"]
[Black "Ziegler, Roman"]
[Result "0-1"]
[WhiteElo "967"]
[BlackElo "1028"]
[PlyCount "94"]
[EventDate "2018.??.??"]
[WhiteTeam "SC JÄKLECHEMIE"]
[BlackTeam "SK Kriegshaber"]

1. e4 {[%emt 0:00:00]} e5 2. Nc3 Nf6 3. Bc4 Bc5 4. Nf3 d6 5. Ng5 O-O 6. Nd5 Be6
7. Nxe6 fxe6 8. Nc3 d5 9. exd5 Nxd5 10. O-O Nc6 11. Qh5 Rf5 12. Qh3 Nd4 13. Bd3
Nf4 14. Qg4 Rg5 15. Qd1 Nxg2 16. Kh1 Qf6 17. Ne4 Qe7 18. Nxg5 Qxg5 19. c3 Nf5
20. Rg1 Nfh4 21. Bc4 Qg6 22. d4 Rd8 23. Qb3 exd4 24. Bxe6+ Kh8 25. Bd5 Re8 26.
Bd2 Re2 27. Bxg2 Rxd2 28. Bxb7 Qf6 29. Rae1 h6 30. Re8+ Bf8 31. h3 Qxf2 32. Bg2
Nxg2 33. Qb8 Kg8 34. Qb5 Kh7 35. Qd5 Nh4 36. Qe4+ Kg8 37. Qe6+ Kh7 38. Rxg7+
Bxg7 39. Qg8+ Kg6 40. Re6+ Kh5 41. Re5+ Nf5 42. Qf7+ Kg5 43. h4+ Kxh4 44. Re4+
Kg5 45. Rg4+ Kxg4 46. Qg6+ Kh4 47. Qg2 Qxg2# 0-1